| 000 | 00656cam a22002171 4500 | ||
|---|---|---|---|
| 001 | sa 68017485 | ||
| 003 | DLC | ||
| 005 | 20260227112703.0 | ||
| 008 | 711210s1953 ii a 000 0 eng | ||
| 010 | _asa 68017485 | ||
| 025 | _aPL480:I-E-6964 | ||
| 040 |
_aDLC _cDLC _dDLC |
||
| 050 | 0 | 0 |
_aT183.I4 _bC34 |
| 110 | 2 |
_aIndian Museum. _bIndustrial Section. |
|
| 245 | 1 | 2 |
_aA short guide to the Industrial Section galleries of the Indian Museum, _cby K. S. Srinivasan, curator. |
| 250 | _a[1st ed.] | ||
| 260 |
_aCalcutta, _bTrustees, Indian Museum, _c1953. |
||
| 300 |
_a11 p. _billus. _c25 cm. |
||
| 350 | _aRe0.62 | ||
| 700 | 1 |
_aSrinivasan, K. S., _d1912- |
|
| 999 |
_c87744 _d87744 |
||